000 00874nam a2200265 a 4500
003 DO-SdBNP
005 20220202134541.0
007 ta
008 220202e2019 dr a|||gr|||| 001 e spa d
020 _a9789945805536
040 _aDO-SdBNP
_bspa
_cBNPHU
082 4 _222
_bC355i
100 1 _912271
_aCastro, Aquiles,
_d1959-
245 1 0 _aInmigración, pensamiento y nación, 1880-1930 /
_cAquiles Castro, Ana Féliz
260 _aSanto Domingo :
_b Búho,
_c2019
300 _a202 p. :
_b il., ;
_c23 cm.
500 _aIncluye bibliografía y notas al pié de páginas.
504 _aBibliografía: p.191- 202
590 _aInventariado 2022 / MF
650 4 _946290
_aPoliítica de Inmigración
_xRepública Dominicana
650 4 _956697
_aInmigración
_xLegislación
_zRepública Dominicana
700 1 _aFeliz, Ana
_981104
910 _aMFeliz
942 _2ddc
_cLBS1
999 _c51312
_d51312